5HLuxD.jpg

KING HENRY VIII SENIOR AND PRIMARY SCHOOL LIBRARY OPAC

Middle School (Record no. 2253)

000 -LEADER
fixed length control field 00697nam a22002177a 4500
005 - DATE AND TIME OF LATEST TRANSACTION
control field 20230405131346.0
008 - FIXED-LENGTH DATA ELEMENTS--GENERAL INFORMATION
fixed length control field 230405b ||||| |||| 00| 0 eng d
020 ## - INTERNATIONAL STANDARD BOOK NUMBER
International Standard Book Number 9781784755553
040 ## - CATALOGING SOURCE
Transcribing agency KH8
082 ## - DEWEY DECIMAL CLASSIFICATION NUMBER
Classification number 823.92 PAT
100 ## - MAIN ENTRY--PERSONAL NAME
Personal name Patterson, James
Relator term author
245 ## - TITLE STATEMENT
Title Middle School
Remainder of title Save rafe!
Statement of responsibility, etc. James Patterson
260 ## - PUBLICATION, DISTRIBUTION, ETC.
Place of publication, distribution, etc. New York, NY,
Name of publisher, distributor, etc. Jimmy Patterson,
Date of publication, distribution, etc. 2014
300 ## - PHYSICAL DESCRIPTION
Extent 269 p. :
Other physical details ill. ;
Dimensions 21 cm
440 ## - SERIES STATEMENT/ADDED ENTRY--TITLE
Title Middle School
520 ## - SUMMARY, ETC.
Summary, etc. Rafe is forced to prove himself in an outdoor survival camp, or else stay back a grade!
650 ## - SUBJECT ADDED ENTRY--TOPICAL TERM
Source of heading or term Amitié Romans,
Topical term or geographic name entry element nouvelles,
Form subdivision etc. pour la jeunesse
650 ## - SUBJECT ADDED ENTRY--TOPICAL TERM
Topical term or geographic name entry element Camping
650 ## - SUBJECT ADDED ENTRY--TOPICAL TERM
Topical term or geographic name entry element Camping Fiction
942 ## - ADDED ENTRY ELEMENTS (KOHA)
Source of classification or shelving scheme
Koha item type Books - Non Ficton
Holdings
Withdrawn status Lost status Source of classification or shelving scheme Damaged status Not for loan Collection code Permanent Location Current Location Shelving location Date acquired Total Checkouts Full call number Barcode Date due Date last seen Date last checked out Price effective from Koha item type
          Non-Fiction KH8 Primary School Library KH8 Primary School Library Non Fiction 2023-04-05 3 823.92 PAT KHPL000003999 2023-06-30 2023-06-20 2023-06-20 2023-04-05 Books - Non Ficton
          Non-Fiction KH8 Primary School Library KH8 Primary School Library Non Fiction 2023-04-05 6 823.92 PAT KHPL000004000   2026-01-19 2026-01-12 2023-04-05 Books - Non Ficton

Powered By KH8 IT Dept